মুক্তিযুদ্ধের দিন-দিনান্ত / (Record no. 47393)
[ view plain ]
| 000 -LEADER | |
|---|---|
| fixed length control field | 00872nam a2200229 a 4500 |
| 001 - CONTROL NUMBER | |
| control field | 47393 |
| 003 - CONTROL NUMBER IDENTIFIER | |
| rucl marc code | BD-RjUL |
| 005 - DATE AND TIME OF LATEST TRANSACTION | |
| control field | 20211209054315.0 |
| 008 - FIXED-LENGTH DATA ELEMENTS--GENERAL INFORMATION | |
| fixed length control field | 160808s2009 bg ||||| |||| 00| 0 ben d |
| 020 ## - INTERNATIONAL STANDARD BOOK NUMBER | |
| International Standard Book Number | 9847015601126 |
| Terms of availability | : Tk. 200.00 |
| 035 ## - SYSTEM CONTROL NUMBER | |
| System control number | (BD-RjUL)47512 |
| 040 ## - CATALOGING SOURCE | |
| Original cataloging agency | BD-RjUL |
| Language of cataloging | ben |
| Transcribing agency | BD-RjUL |
| 041 ## - LANGUAGE CODE | |
| Language code of text/sound track or separate title | ben |
| 082 ## - DEWEY DECIMAL CLASSIFICATION NUMBER | |
| Edition number | 23 |
| Classification number | 954.9205 |
| Author mark and year | HUM 2009 |
| 100 1# - MAIN ENTRY--PERSONAL NAME | |
| Personal name | হুসাইন, সা'দাত |
| 9 (RLIN) | 144162 |
| 245 10 - TITLE STATEMENT | |
| Title | মুক্তিযুদ্ধের দিন-দিনান্ত / |
| Statement of responsibility, etc. | সা'দাত হুসাইন |
| 260 ## - PUBLICATION, DISTRIBUTION, ETC. (IMPRINT) | |
| Place of publication, distribution, etc. | ঢাকা : |
| Name of publisher, distributor, etc. | মাওলা ব্রাদার্স, |
| Date of publication, distribution, etc. | ২০০৯ |
| 300 ## - PHYSICAL DESCRIPTION | |
| Pagination | ১১৯ পৃ. ; |
| Size | ২০ সেমি. |
| 650 ## - SUBJECT ADDED ENTRY--TOPICAL TERM | |
| Topical term or geographic name as entry element | বাংলাদেশ |
| General subdivision | ইতিহাস |
| Chronological subdivision | বিপ্লব, 1971 |
| 9 (RLIN) | 144524 |
| 651 ## - SUBJECT ADDED ENTRY--GEOGRAPHIC NAME | |
| Geographic name | Bangladesh |
| General subdivision | History |
| Chronological subdivision | Revolution, 1971 |
| 9 (RLIN) | 144525 |
| 942 ## - ADDED ENTRY ELEMENTS (KOHA) | |
| Source of classification or shelving scheme | Dewey Decimal Classification |
| Koha item type | Books |
| Lost status | Source of classification or shelving scheme | Damaged status | Not for loan | Collection code | Permanent Location | Current Location | Shelving location | Date acquired | Source of acquisition | Cost, normal purchase price | Total Checkouts | Full call number | Date last seen | Copy number | Koha item type | Date checked out |
|---|---|---|---|---|---|---|---|---|---|---|---|---|---|---|---|---|
| Dewey Decimal Classification | Non-fiction | Central Library, University of Rajshahi | Central Library, University of Rajshahi | 01/04/2009 | Books view, Dhaka | 200.00 | B 954.9205 HUM 2009 | 08/08/2016 | C-2 | Books | ||||||
| Dewey Decimal Classification | Non-fiction | Central Library, University of Rajshahi | Central Library, University of Rajshahi | 01/04/2009 | Book View, Dhaka. | 200.00 | 3 | B 954.9205 HUM 2009 | 30/01/2019 | C-3 | Books | 24/12/2018 | ||||
| Dewey Decimal Classification | Not For Loan | Non-fiction | Central Library, University of Rajshahi | Central Library, University of Rajshahi | Reading Room | 01/04/2009 | Book View, Dhaka. | 200.00 | B 954.9205 HUM 2009 | 29/12/2016 | C-1 | Books |